000 00609cam a2200193 4500500
005 20260329020116.0
041 _afre
042 _adc
100 1 0 _aDraye, Micheline
_eauthor
700 1 0 _aEstager, Julien
_eauthor
700 1 0 _aMalacria, Max
_eauthor
700 1 0 _aGoddard, Jean-Philippe
_eauthor
700 1 0 _aOllivier, Cyril
_eauthor
245 0 0 _aOrganic sonochemistry
260 _c2026.
500 _a43
786 0 _nPhysics and chemistry | - | 2026-03-04 | p. 15-15
856 4 1 _uhttps://stm.cairn.info/fundamentals-of-chemistry--bdti42106210-k1250-page-15?lang=en&redirect-ssocas=7080
999 _c1903990
_d1903990